Die 10 deutschen Städte mit dem höchsten Mietpreis - Statistiken

Allgemein
  • Dieses Quiz wurde 367 mal gespielt
  • Das Durchschnittsergebnis liegt bei 8 aus 10
Antwortstatistiken
€/m² Stadt % Korrekt
18,61 München
100%
13,23 Berlin
97%
13,38 Hamburg
97%
14,68 Stuttgart
94%
15,53 Frankfurt am Main
93%
13,19 Düsseldorf
85%
13,11 Freiburg im Breisgau
59%
13,08 Mainz
55%
13,83 Wiesbaden
46%
13,10 Heidelberg
42%
Keine übereinstimmenden Quizze gefunden
Verteilung der Resultate
Anzahl Personen mit jedem Resultat
Perzentil nach korrekt beantworteten Fragen
Ihre Resultats-Entwicklung
Sie haben dieses Quiz noch nicht gespielt